Sanat - "Neljä kissanpoikaa" - Statistics

Yleistilastot
  • Tätä visaa on pelattu 6 kertaa
  • Keskiarvotulos 39 / 173
Vastaustilastot
Vastaus % Oikein
kissanpoikaa
100%
ne
100%
neljä
100%
ja
75%
mau
75%
Miu
75%
miu
75%
he
50%
koira
50%
on
50%
sen
50%
äidin
25%
äiti
25%
Äiti
25%
älkää
25%
alla
25%
auttakaa
25%
avannosta
25%
emme
25%
Halli
25%
hetkellä
25%
jää
25%
jäälle
25%
kevät
25%
Kisu
25%
kotipihallaan
25%
kuolo
25%
kyyneleet
25%
me
25%
menkö
25%
miks
25%
mirri
25%
Misu
25%
murtui
25%
mut
25%
neuvoja
25%
niin
25%
nosti
25%
oi
25%
onnen
25%
petollinen
25%
pyöriskeli
25%
sekä
25%
seuraus
25%
siitä
25%
Sisu
25%
syksyjää
25%
totelleet
25%
viime
25%
Visu
25%
aina
0%
aivan
0%
äkeissänsä
0%
alkoi
0%
hah
0%
Hallia
0%
hän
0%
haukkui
0%
heidät
0%
heitä
0%
hetken
0%
istuskellen
0%
jäällä
0%
jäi
0%
jäivät
0%
jälkeen
0%
järven
0%
joukko
0%
juoksivat
0%
kaikki
0%
karvapörrit
0%
kasvojansa
0%
katsoi
0%
kesti
0%
kiitti
0%
kohta
0%
koko
0%
kotiretkellä
0%
kuin
0%
kyynelissään
0%
lähti
0%
lapsiaan
0%
lapsikullat
0%
leikitteli
0%
leikkiänsä
0%
leikkii
0%
leikkikää
0%
leikkimään
0%
liukkahalla
0%
matkan
0%
mirrit
0%
myrskytuuli
0%
neuvoi
0%
neuvot
0%
peräkkäin
0%
pestessään
0%
pienet
0%
pienten
0%
rantaan
0%
saapui
0%
silloin
0%
sitten
0%
sulki
0%
suloisimmat
0%
syliin
0%
tämä
0%
temmeltää
0%
työhön
0%
unhoon
0%
vaan
0%
vaikertaa
0%
vallaton
0%
vekkuleitten
0%
vielä
0%
viisaat
0%
yllättäen
0%
Ehtoja vastaavia visoja ei löytynyt
Tulosjakauma
Jokaisen tuloksen saaneiden osuus
Persentiili vastausten määrän mukaan
Tuloshistoriasi
Et ole pelannut tätä visaa